Estatísticas para TODAS AS EQUIPES QUE CONQUISTARAM A COPA LIBERTADORES

Clique aqui para jogar o quiz

Estatísticas Gerais

  • Esse quiz foi jogado 194 vezes
  • A pontuação média é 20 de 25

Estatísticas das Respostas

TítulosResposta% Correto
6Boca Juniors
97%
3Grêmio
97%
3River Plate
97%
3Santos
96%
1Flamengo
95%
3São Paulo
95%
1Corinthians
94%
1Palmeiras
94%
2Internacional
92%
1Atlético Mineiro
91%
2Cruzeiro
89%
7Independiente
86%
1Vasco da Gama
86%
3Nacional
85%
5Peñarol
85%
1Colo-Colo
76%
3Olimpia
75%
1Racing
71%
2Atlético Nacional
69%
4Estudiantes
69%
1Liga de Quito
69%
1San Lorenzo
65%
1Vélez Sarsfield
59%
1Once Caldas
53%
1Argentinos Juniors
47%

Distribuição das Pontuações

Percentil de Números Respondidos

Porcentagem de Pessoas com Cada Pontuação

Sua Pontuação Histórica

Você não jogou esse quiz